[Event "Madrid ch - Previa A"]
[Site "Madrid ESP"]
[Date "2007.11.23"]
[Round "8.10"]
[White "Sánchez Rodajo, Pedro Luis"]
[Black "Navas Jiménez, Julián"]
[Result "0-1"]
[WhiteElo "1717"]
[BlackElo "1901"]
[PlyCount "66"]
[EventDate "2007.11.01"]
[EventType "swiss"]
[EventRounds "9"]
[EventCountry "ESP"]
[Source "lmi"]
[SourceDate "2007.11.01"]

1. f4 d5 2. Nf3 Nf6 3. g3 g6 4. Bg2 Bg7 5. d3 c5 6. c3 Nc6 7. Qc2 O-O 8. O-O
Bf5 9. Nh4 Bg4 10. Nf3 Qc8 11. Na3 Bh3 12. b3 Bxg2 13. Kxg2 d4 14. c4 Qd7 15.
Bd2 Rae8 16. h3 Nh5 17. Rae1 e5 18. f5 gxf5 19. Nh4 f4 20. gxf4 exf4 21. Nf3
Bh6 22. Rg1 Kh8 23. Ref1 Rxe2+ 24. Rf2 Rg8+ 25. Kf1 Rxf2+ 26. Kxf2 Rxg1 27.
Nxg1 Qe7 28. Nf3 Ne5 29. Be1 Nxf3 30. Kxf3 Qe3+ 31. Kg4 Nf6+ 32. Kf5 Qxh3+ 33.
Kxf6 Qe6# 0-1

[Event "Madrid ch - Previa A"]
[Site "Madrid ESP"]
[Date "2007.11.23"]
[Round "8.11"]
[White "Marcos Herrero, Francisco"]
[Black "Benito Aragoneses, Miguel Ángel"]
[Result "0-1"]
[WhiteElo "1940"]
[BlackElo "1722"]
[PlyCount "76"]
[EventDate "2007.11.01"]
[EventType "swiss"]
[EventRounds "9"]
[EventCountry "ESP"]
[Source "lmi"]
[SourceDate "2007.11.01"]

1. e4 c5 2. Nc3 e6 3. g3 Nc6 4. Bg2 Nf6 5. d3 d6 6. f4 Be7 7. Nf3 Qc7 8. O-O
O-O 9. a4 a6 10. h3 Bd7 11. g4 Nd4 12. Be3 Nxf3+ 13. Rxf3 Bc6 14. Rg3 g6 15.
Bf3 Ne8 16. Qd2 Bh4 17. Rg2 f5 18. Rf1 Ng7 19. Kh1 Be7 20. g5 Rad8 21. Qf2 b6
22. Bd2 d5 23. b3 d4 24. Ne2 fxe4 25. dxe4 Ne8 26. Nc1 Nd6 27. Rd1 e5 28. Qg3
exf4 29. Bxf4 Rf7 30. Bg4 Qb7 31. Be6 Bxe4 32. Kh2 Nf5 33. Bxf5 Rxf5 34. Re2
Rxf4 35. Nd3 Rf3 36. Qxf3 Bxf3 37. Rxe7 Qb8+ 38. Ne5 Qd6 0-1

[Event "Madrid ch - Previa A"]
[Site "Madrid ESP"]
[Date "2007.11.23"]
[Round "8.12"]
[White "Román Rodríguez, Pablo"]
[Black "Espinosa Delgado, Miguel"]
[Result "1-0"]
[WhiteElo "1916"]
[BlackElo "1836"]
[PlyCount "113"]
[EventDate "2007.11.01"]
[EventType "swiss"]
[EventRounds "9"]
[EventCountry "ESP"]
[Source "lmi"]
[SourceDate "2007.11.01"]

1. e4 d6 2. d4 Nf6 3. Bd3 e5 4. c3 g6 5. d5 Bg7 6. Ne2 Nbd7 7. Ng3 O-O 8. O-O
Kh8 9. c4 Nc5 10. Bc2 a5 11. Nc3 Bd7 12. Be3 Ng4 13. Bxc5 dxc5 14. h3 Nh6 15.
Qe2 Ra6 16. Rad1 Rd6 17. a4 Qe7 18. Qe3 b6 19. Qe2 f5 20. exf5 gxf5 21. Nh5 Be8
22. Nxg7 Qxg7 23. Rde1 e4 24. f3 Bh5 25. Kh1 Qg3 26. Qf2 Qxf2 27. Rxf2 exf3 28.
gxf3 Re8 29. Rxe8+ Bxe8 30. Re2 Bh5 31. Kh2 Rd7 32. Re5 Bg6 33. Ne2 Rf7 34. Nf4
Rd7 35. Re6 Kg7 36. Rc6 Bf7 37. Ne6+ Bxe6 38. Rxe6 Rf7 39. Kg3 f4+ 40. Kh4 Nf5+
41. Bxf5 Rxf5 42. Kg4 Rf7 43. h4 Kg8 44. Kg5 Kg7 45. h5 Kf8 46. h6 Re7 47. Kxf4
Rf7+ 48. Ke4 Rd7 49. f4 Kf7 50. Ke5 Rd8 51. Rc6 Rd7 52. f5 Re7+ 53. Re6 Rd7 54.
d6 cxd6+ 55. Kd5 Re7 56. Kxd6 Rxe6+ 57. fxe6+ 1-0

[Event "Madrid ch - Previa A"]
[Site "Madrid ESP"]
[Date "2007.11.23"]
[Round "8.13"]
[White "González Márquez, Jorge"]
[Black "Valderrama Arroyo, Víctor"]
[Result "0-1"]
[WhiteElo "1928"]
[BlackElo "1891"]
[PlyCount "94"]
[EventDate "2007.11.01"]
[EventType "swiss"]
[EventRounds "9"]
[EventCountry "ESP"]
[Source "lmi"]
[SourceDate "2007.11.01"]

1. d4 Nf6 2. c4 e6 3. Nc3 Bb4 4. e3 O-O 5. Bd3 b6 6. Nge2 Bb7 7. O-O d6 8. a3
Bxc3 9. Nxc3 Nbd7 10. b4 c5 11. f3 Qe7 12. Qe1 Rfc8 13. Qh4 h6 14. g4 Ba6 15.
dxc5 dxc5 16. b5 Bb7 17. f4 Nf8 18. g5 N6h7 19. e4 Rd8 20. Rf3 Ng6 21. Qh5 e5
22. gxh6 Nxf4 23. Bxf4 exf4 24. Nd5 Bxd5 25. exd5 Qg5+ 26. Qxg5 Nxg5 27. h7+
Kh8 28. Rff1 Re8 29. h4 Re3 30. hxg5 Rxd3 31. Rxf4 Kxh7 32. Rxf7 Rg3+ 33. Kh2
Rxg5 34. Rg1 Rxg1 35. Kxg1 Kg6 36. Rb7 Kf6 37. d6 Rd8 38. d7 Ke5 39. Rxa7 Kd4
40. Rb7 Kxc4 41. Rxb6 Rxd7 42. Rb8 Kb3 43. Rc8 c4 44. b6 Rb7 45. Rc7 Rxb6 46.
Rxg7 c3 47. Rg3 Kb2 0-1

[Event "Madrid ch - Previa A"]
[Site "Madrid ESP"]
[Date "2007.11.23"]
[Round "8.14"]
[White "Mosteiro Montoro, Álvaro"]
[Black "Hernández del Can, José"]
[Result "0-1"]
[WhiteElo "1870"]
[BlackElo "1914"]
[PlyCount "136"]
[EventDate "2007.11.01"]
[EventType "swiss"]
[EventRounds "9"]
[EventCountry "ESP"]
[Source "lmi"]
[SourceDate "2007.11.01"]

1. d4 Nf6 2. c4 g6 3. Nc3 Bg7 4. e4 d6 5. Nf3 O-O 6. Be2 Nbd7 7. O-O c5 8. e5
dxe5 9. dxe5 Ng4 10. e6 fxe6 11. Ne4 Ngf6 12. Neg5 Nb6 13. Rb1 h6 14. Nh3 g5
15. Ne5 Qc7 16. Ng6 Rd8 17. Qc2 e5 18. Nxg5 hxg5 19. Bxg5 Be6 20. f4 e4 21.
Bxf6 exf6 22. Qxe4 Re8 23. Qc2 Bf7 24. Bd3 Rad8 25. b3 Qd6 26. Rbd1 Qe6 27. Kh1
Qg4 28. Rf3 Bxg6 29. Bxg6 Rxd1+ 30. Qxd1 Qxg6 31. Rg3 Qe4 32. Rf3 Qe1+ 33. Rf1
Qxd1 34. Rxd1 Re7 35. f5 Rd7 36. Re1 Kf7 37. h3 a5 38. Re2 a4 39. Rb2 Bh6 40.
g4 Rd1+ 41. Kg2 Rd2+ 42. Rxd2 Bxd2 43. Kf3 Be1 44. Ke2 Bh4 45. Kd3 Ke7 46. Ke4
Kd6 47. Kf4 a3 48. Ke4 Bg5 49. Kf3 Bh4 50. Kf4 Nd7 51. Ke4 Ne5 52. Ke3 Nc6 53.
Ke4 Nb4 54. Kf4 Nxa2 55. g5 Bxg5+ 56. Kg4 Nc1 57. h4 Bd2 58. Kh5 Nxb3 59. Kg6
a2 60. h5 a1=Q 61. Kf7 Na5 62. Kg6 Nxc4 63. h6 Bxh6 64. Kxh6 b5 65. Kg6 b4 66.
Kf7 b3 67. Kg6 Qe5 68. Kf7 b2 0-1

[Event "Madrid ch - Previa A"]
[Site "Madrid ESP"]
[Date "2007.11.23"]
[Round "8.15"]
[White "Gallo Restrepo, Germán"]
[Black "García Donoso, Alberto"]
[Result "0-1"]
[WhiteElo "1891"]
[BlackElo "1723"]
[PlyCount "56"]
[EventDate "2007.11.01"]
[EventType "swiss"]
[EventRounds "9"]
[EventCountry "ESP"]
[Source "lmi"]
[SourceDate "2007.11.01"]

1. e4 c5 2. Nf3 Nc6 3. d4 cxd4 4. Nxd4 a6 5. c4 e6 6. Be2 Bc5 7. Nxc6 bxc6 8.
O-O e5 9. Nd2 Nf6 10. Qc2 Bb7 11. b4 Ba7 12. c5 Bb8 13. Bb2 d6 14. Rfd1 O-O 15.
Nc4 d5 16. Nxe5 Re8 17. exd5 Bxe5 18. Bxe5 Nxd5 19. Qb2 Qe7 20. Bxg7 Qxe2 21.
Qd4 Re4 22. Qxe4 Qxe4 23. Bh6 Nf4 24. f3 Nh3+ 25. Kh1 Qh4 26. Rd6 Re8 27. g3
Qxb4 28. Rad1 Nf2+ 0-1

[Event "Madrid ch - Previa A"]
[Site "Madrid ESP"]
[Date "2007.11.23"]
[Round "8.16"]
[White "Pintado Luna, Julián"]
[Black "Franco Rincón, David"]
[Result "1-0"]
[WhiteElo "1979"]
[BlackElo "1713"]
[PlyCount "77"]
[EventDate "2007.11.01"]
[EventType "swiss"]
[EventRounds "9"]
[EventCountry "ESP"]
[Source "lmi"]
[SourceDate "2007.11.01"]

1. e4 e5 2. Nf3 Nc6 3. Bc4 Bc5 4. c3 d6 5. b4 Bb6 6. d4 exd4 7. cxd4 Nf6 8. Bg5
h6 9. Bh4 Bg4 10. Bb5 O-O 11. Bxc6 bxc6 12. O-O g5 13. Bg3 Nxe4 14. a4 Nxg3 15.
hxg3 Bxf3 16. Qxf3 Bxd4 17. Ra3 c5 18. Rd3 Qd7 19. bxc5 Bxc5 20. Nc3 a5 21. Ne4
Qe6 22. Re1 Kg7 23. Rdd1 Qg6 24. Nxc5 dxc5 25. Qc3+ Kh7 26. Qxc5 Qb6 27. Qc2+
Kg8 28. Rd7 c5 29. Ree7 Rae8 30. Rb7 Qc6 31. Rec7 Qd5 32. Qg6+ Kh8 33. Rxf7
Rxf7 34. Rxf7 Re1+ 35. Kh2 Qxf7 36. Qxf7 Rc1 37. Qf6+ Kh7 38. Qb2 Rf1 39. Qc2+
1-0

[Event "Madrid ch - Previa A"]
[Site "Madrid ESP"]
[Date "2007.11.23"]
[Round "8.17"]
[White "Fernández Martínez, José"]
[Black "Sánchez Ródenas, José Antonio"]
[Result "1/2-1/2"]
[WhiteElo "1822"]
[BlackElo "1795"]
[PlyCount "97"]
[EventDate "2007.11.01"]
[EventType "swiss"]
[EventRounds "9"]
[EventCountry "ESP"]
[Source "lmi"]
[SourceDate "2007.11.01"]

1. e4 c6 2. Nf3 d5 3. Nc3 dxe4 4. Nxe4 Bg4 5. Be2 Nd7 6. d4 Ngf6 7. Nxf6+ Nxf6
8. O-O e6 9. c3 Be7 10. Re1 O-O 11. h3 Bxf3 12. Bxf3 Qc7 13. Bg5 Rad8 14. Qe2
Nd5 15. Bxe7 Qxe7 16. Rad1 Qc7 17. Be4 Nf6 18. Bc2 Qf4 19. Rd3 Rd5 20. Bb3 Rg5
21. Rf3 Qd6 22. Qe3 Rh5 23. Bd1 Rh6 24. Rg3 Rg6 25. Rxg6 hxg6 26. Bf3 Nd5 27.
Qd2 Rd8 28. a3 Qc7 29. Rd1 Nf6 30. Qg5 Nd5 31. g3 Qe7 32. Qxe7 Nxe7 33. c4 b6
34. b4 Nf5 35. d5 exd5 36. cxd5 cxd5 37. Rxd5 Rxd5 38. Bxd5 Kf8 39. Kf1 f6 40.
Be4 Ne7 41. Ke2 Ke8 42. Kd3 Kd7 43. Kc4 Kd6 44. Kb5 Kc7 45. Kc4 g5 46. g4 Kd6
47. Kd4 Ke6 48. a4 Kd6 49. a5 1/2-1/2

[Event "Madrid ch - Previa A"]
[Site "Madrid ESP"]
[Date "2007.11.23"]
[Round "8.19"]
[White "Martín Calero, Jorge"]
[Black "Vicario Ramírez, Celestino"]
[Result "1-0"]
[WhiteElo "1708"]
[BlackElo "1724"]
[PlyCount "81"]
[EventDate "2007.11.01"]
[EventType "swiss"]
[EventRounds "9"]
[EventCountry "ESP"]
[Source "lmi"]
[SourceDate "2007.11.01"]

1. d4 Nf6 2. Nf3 g6 3. Nbd2 Bg7 4. e4 d6 5. Bd3 O-O 6. O-O c5 7. c3 Qc7 8. Re1
Nh5 9. Nf1 Nc6 10. Be3 c4 11. Bxc4 a6 12. Qd2 b5 13. Be2 f5 14. exf5 gxf5 15.
Bh6 f4 16. Bxg7 Nxg7 17. Qc2 Kh8 18. Ng5 Rf5 19. Nf3 Rf6 20. Bd3 Bf5 21. Bxf5
Nxf5 22. Ng5 Ncxd4 23. Qe4 Nc6 24. g4 Rg8 25. h4 Ne5 26. Nh2 h6 27. gxf5 hxg5
28. hxg5 Rxg5+ 29. Kf1 Rgxf5 30. Nf3 Rh5 31. Nxe5 dxe5 32. Rad1 Kg7 33. Ke2
Qc4+ 34. Qxc4 bxc4 35. Rd7 Kf7 36. Rc7 e4 37. Rxc4 f3+ 38. Ke3 Ra5 39. a3 Rb5
40. Rb1 Kg6 41. Kxe4 1-0

[Event "Madrid ch - Previa A"]
[Site "Madrid ESP"]
[Date "2007.11.23"]
[Round "8.21"]
[White "Argüelles Dominguez, Ruben"]
[Black "González Ayuso, Gonzalo"]
[Result "0-1"]
[WhiteElo "1662"]
[BlackElo "1821"]
[PlyCount "40"]
[EventDate "2007.11.01"]
[EventType "swiss"]
[EventRounds "9"]
[EventCountry "ESP"]
[Source "lmi"]
[SourceDate "2007.11.01"]

1. d4 Nf6 2. c4 e5 3. dxe5 Ng4 4. Nf3 Nc6 5. Bf4 Bb4+ 6. Nc3 Qe7 7. e3 Ngxe5 8.
Nxe5 Nxe5 9. Qc2 O-O 10. a3 Bd6 11. Nd5 Qe6 12. Rd1 c6 13. Bxe5 Bxe5 14. Nb4 d6
15. Bd3 g6 16. Be4 Bxb2 17. Qxb2 Qxe4 18. Rxd6 Qxg2 19. Rf1 Qxh2 20. Qf6 Bh3
0-1

[Event "Madrid ch - Previa A"]
[Site "Madrid ESP"]
[Date "2007.11.24"]
[Round "9.1"]
[White "Pérez Martínez, José Manuel"]
[Black "Osorio Ramos, Francisco"]
[Result "1-0"]
[WhiteElo "1982"]
[BlackElo "1925"]
[PlyCount "81"]
[EventDate "2007.11.01"]
[EventType "swiss"]
[EventRounds "9"]
[EventCountry "ESP"]
[Source "lmi"]
[SourceDate "2007.11.01"]

1. e4 e5 2. Nf3 d6 3. d4 Nf6 4. Nc3 Nbd7 5. Bd3 Be7 6. Ne2 O-O 7. c3 Re8 8. O-O
Bf8 9. Ng3 g6 10. h3 Bg7 11. Re1 c6 12. dxe5 dxe5 13. Be3 Qe7 14. Qc2 b6 15. a4
a5 16. Nd2 Rb8 17. Reb1 Nc5 18. Be2 Na6 19. Nc4 c5 20. Rd1 Nd7 21. Nd6 Nc7 22.
Nxe8 Qxe8 23. b4 Bf8 24. bxa5 bxa5 25. Rab1 Ba6 26. Bxa6 Rxb1 27. Qxb1 Nxa6 28.
Qb7 Ndb8 29. Qb5 Qe6 30. Qxa5 Kg7 31. Qb5 f5 32. exf5 gxf5 33. Qb7+ Kg6 34. Bc1
Be7 35. Qf3 f4 36. Qe4+ Kg7 37. Bxf4 Bf6 38. Nh5+ Kg8 39. Nxf6+ Qxf6 40. Bxe5
Qe7 41. Qg4+ 1-0

[Event "Madrid ch - Previa A"]
[Site "Madrid ESP"]
[Date "2007.11.24"]
[Round "9.2"]
[White "Merino Araguas, José Javier"]
[Black "Sanz Esteban, Eduardo"]
[Result "1-0"]
[WhiteElo "1909"]
[BlackElo "1939"]
[PlyCount "59"]
[EventDate "2007.11.01"]
[EventType "swiss"]
[EventRounds "9"]
[EventCountry "ESP"]
[Source "lmi"]
[SourceDate "2007.11.01"]

1. d4 d5 2. c4 e6 3. Nc3 c5 4. cxd5 exd5 5. Nf3 Nc6 6. g3 Nf6 7. Bg2 Be7 8. O-O
O-O 9. dxc5 Bxc5 10. Bg5 d4 11. Bxf6 Qxf6 12. Ne4 Qe7 13. Nxc5 Qxc5 14. Qd2 Bg4
15. Rac1 Qb6 16. h3 Be6 17. a3 Rfd8 18. Qc2 Rac8 19. Ng5 g6 20. Qe4 Qxb2 21.
Qh4 h5 22. Nxe6 fxe6 23. Qf6 Kh7 24. Be4 Rg8 25. Rb1 Qd2 26. Rxb7+ Kh6 27. Qf7
Ne5 28. Qh7+ Kg5 29. f4+ Kf6 30. Qe7# 1-0

[Event "Madrid ch - Previa A"]
[Site "Madrid ESP"]
[Date "2007.11.24"]
[Round "9.3"]
[White "Tejedor Ariza, Francisco"]
[Black "Martín Mazuelo, Miguel Ángel"]
[Result "1/2-1/2"]
[WhiteElo "1987"]
[BlackElo "1983"]
[PlyCount "34"]
[EventDate "2007.11.01"]
[EventType "swiss"]
[EventRounds "9"]
[EventCountry "ESP"]
[Source "lmi"]
[SourceDate "2007.11.01"]

1. d4 d5 2. Nf3 Nf6 3. Bg5 e6 4. e3 c6 5. Bd3 Be7 6. Nbd2 Nbd7 7. e4 dxe4 8.
Nxe4 Nxe4 9. Bxe7 Qxe7 10. Bxe4 Nf6 11. Bd3 c5 12. dxc5 Qxc5 13. Qe2 O-O 14.
Qe5 Qxe5+ 15. Nxe5 Nd7 16. Nxd7 Bxd7 17. O-O Bc6 1/2-1/2

[Event "Madrid ch - Previa A"]
[Site "Madrid ESP"]
[Date "2007.11.24"]
[Round "9.4"]
[White "García Reino, Eduardo"]
[Black "Cabañas Bravo, Juan Andrés"]
[Result "0-1"]
[WhiteElo "1860"]
[BlackElo "2004"]
[PlyCount "84"]
[EventDate "2007.11.01"]
[EventType "swiss"]
[EventRounds "9"]
[EventCountry "ESP"]
[Source "lmi"]
[SourceDate "2007.11.01"]

1. e4 e5 2. Nf3 Nc6 3. Nc3 Bc5 4. Nxe5 Nxe5 5. d4 Bd6 6. dxe5 Bxe5 7. Bd3 Qh4
8. Qf3 Nf6 9. g3 Qh3 10. Bf4 Bxc3+ 11. bxc3 d6 12. e5 dxe5 13. Bxe5 O-O 14.
Bxf6 Re8+ 15. Kd2 Qh6+ 16. Qf4 Qxf4+ 17. gxf4 gxf6 18. Rhg1+ Kh8 19. Rae1 Be6
20. Rg3 Bxa2 21. Reg1 Be6 22. Rg7 f5 23. R7g5 Rg8 24. Rb1 b6 25. Rh5 Rg2 26.
Rf1 a5 27. Bxf5 Bxf5 28. Rxf5 a4 29. Rxf7 a3 30. Ke3 a2 31. Ra1 Rxh2 32. Rxc7
Rh5 33. Rc4 Ra3 34. Rg1 Rc5 35. Rxc5 bxc5 36. Ra1 Kg7 37. Ke4 Kf6 38. Kd5 Ra5
39. Ke4 h5 40. Kf3 Kf5 41. Kg3 c4 42. Kf3 Ra4 0-1

[Event "Madrid ch - Previa A"]
[Site "Madrid ESP"]
[Date "2007.11.24"]
[Round "9.5"]
[White "Collado Barbas, Alberto"]
[Black "García Salamero, Gabriel"]
[Result "0-1"]
[WhiteElo "1886"]
[BlackElo "1895"]
[PlyCount "140"]
[EventDate "2007.11.01"]
[EventType "swiss"]
[EventRounds "9"]
[EventCountry "ESP"]
[Source "lmi"]
[SourceDate "2007.11.01"]

1. d4 d5 2. Nf3 e6 3. Bg5 Be7 4. Bxe7 Qxe7 5. c3 Nf6 6. Nbd2 Nbd7 7. Qc2 O-O 8.
e4 e5 9. dxe5 Nxe5 10. O-O-O Neg4 11. e5 Ne4 12. Nxe4 dxe4 13. h3 Nxf2 14. Qxf2
exf3 15. gxf3 Qxe5 16. Bd3 Bf5 17. f4 Qa5 18. Rhg1 Bxd3 19. Rxd3 Qxa2 20. Rdg3
g6 21. f5 Qa1+ 22. Kc2 Qa4+ 23. Kc1 Rad8 24. Qf3 Qc6 25. Qh5 Rd6 26. Rg4 Kh8
27. Qh6 Rg8 28. Rh4 Rg7 29. Rf4 Qd5 30. Rf2 Ra6 31. f6 Rg8 32. Rf4 Qh5 33. Qxh5
gxh5 34. Rxg8+ Kxg8 35. Rf5 h6 36. Kc2 Kh7 37. Rxh5 Kg6 38. Rc5 Rc6 39. Rd5 Rd6
40. Rb5 b6 41. c4 Kxf6 42. Kc3 a6 43. Rh5 Kg6 44. Re5 f5 45. h4 f4 46. h5+ Kf7
47. c5 bxc5 48. Rxc5 c6 49. Ra5 Kf6 50. Kc2 Ke6 51. b3 f3 52. b4 f2 53. Ra1 Ke5
54. Rf1 Rf6 55. Kd3 Kd5 56. Ke2 Ke4 57. Rxf2 Rxf2+ 58. Kxf2 c5 59. bxc5 Kd5 60.
Ke3 Kxc5 61. Ke4 a5 62. Kf5 a4 63. Kg6 a3 64. Kxh6 a2 65. Kh7 a1=Q 66. h6 Qa7+
67. Kg8 Qb8+ 68. Kg7 Qc7+ 69. Kg8 Qd8+ 70. Kf7 Qh8 0-1

[Event "Madrid ch - Previa A"]
[Site "Madrid ESP"]
[Date "2007.11.24"]
[Round "9.6"]
[White "Benito Aragoneses, Miguel Ángel"]
[Black "Ruiz Quevedo, Andrés"]
[Result "0-1"]
[WhiteElo "1722"]
[BlackElo "1893"]
[PlyCount "58"]
[EventDate "2007.11.01"]
[EventType "swiss"]
[EventRounds "9"]
[EventCountry "ESP"]
[Source "lmi"]
[SourceDate "2007.11.01"]

1. d4 Nf6 2. c4 c5 3. Nf3 cxd4 4. Nxd4 d6 5. Nc3 b6 6. e4 Bb7 7. f3 Nbd7 8. Be3
e6 9. Ndb5 Qb8 10. Qd2 a6 11. Nd4 Be7 12. Rd1 Qc7 13. Bg5 O-O 14. Be2 Ne5 15.
b3 Rac8 16. O-O b5 17. Bxf6 Bxf6 18. cxb5 Qxc3 19. Qxc3 Rxc3 20. bxa6 Ba8 21.
b4 Ra3 22. b5 Bd8 23. Rd2 d5 24. f4 Nc4 25. Bxc4 dxc4 26. e5 c3 27. Nc2 Rxa2
28. Re2 Bb6+ 29. Kh1 Rd8 0-1

[Event "Madrid ch - Previa A"]
[Site "Madrid ESP"]
[Date "2007.11.24"]
[Round "9.8"]
[White "Rodríguez Ballespín, Daniel"]
[Black "Valderrama Arroyo, Víctor"]
[Result "1/2-1/2"]
[WhiteElo "1849"]
[BlackElo "1891"]
[PlyCount "70"]
[EventDate "2007.11.01"]
[EventType "swiss"]
[EventRounds "9"]
[EventCountry "ESP"]
[Source "lmi"]
[SourceDate "2007.11.01"]

1. e4 c5 2. Nf3 d6 3. d3 Nc6 4. g3 g6 5. Bg2 Bg7 6. Nbd2 e6 7. O-O Nge7 8. c3
O-O 9. Nh4 b5 10. f4 Rb8 11. Qc2 b4 12. Rb1 Ba6 13. f5 Ne5 14. c4 N7c6 15. Nb3
Bb7 16. fxe6 fxe6 17. Rxf8+ Bxf8 18. Qe2 a5 19. Be3 Be7 20. Nf3 Bf6 21. Nbd2
Nxf3+ 22. Nxf3 Qe7 23. Rf1 Rf8 24. h4 Nd4 25. Nxd4 Bxd4 26. Rxf8+ Qxf8 27. Bxd4
cxd4 28. Bh3 Qf6 29. Qf2 Qxf2+ 30. Kxf2 Kf7 31. b3 Kf6 32. g4 g5 33. Bg2 e5 34.
Kg3 h6 35. Bf3 Bc6 1/2-1/2

[Event "Madrid ch - Previa A"]
[Site "Madrid ESP"]
[Date "2007.11.24"]
[Round "9.9"]
[White "Redondo García, José Luis"]
[Black "Román Rodríguez, Pablo"]
[Result "0-1"]
[WhiteElo "1909"]
[BlackElo "1916"]
[PlyCount "120"]
[EventDate "2007.11.01"]
[EventType "swiss"]
[EventRounds "9"]
[EventCountry "ESP"]
[Source "lmi"]
[SourceDate "2007.11.01"]

1. c4 c6 2. Nc3 Nf6 3. g3 d5 4. cxd5 cxd5 5. d4 e6 6. a3 Bd7 7. e3 Nc6 8. Nge2
a6 9. Bg2 Be7 10. O-O O-O 11. b4 b5 12. e4 dxe4 13. Nxe4 Nxe4 14. Bxe4 Rc8 15.
Bb2 Bf6 16. Qd3 g6 17. Rab1 Bg7 18. Bc1 Qe7 19. f4 Rfd8 20. Qe3 Be8 21. Bb2 Qa7
22. Rfd1 Ne7 23. Qf2 Bc6 24. Bg2 Bxg2 25. Qxg2 Rc2 26. Qe4 Rdc8 27. Rdc1 Rxc1+
28. Rxc1 Rxc1+ 29. Bxc1 Nd5 30. Be3 Qc7 31. Kg2 Qc4 32. Bf2 Qb3 33. Qf3 Qc2 34.
g4 Qd2 35. Kg3 Bf8 36. Kh4 Be7+ 37. g5 h6 38. Bg3 hxg5+ 39. Kh3 gxf4 40. Nxf4
Qxd4 41. Ne2 Qe3 42. Qxe3 Nxe3 43. Nd4 Nc4 44. Nc2 Bf6 45. Be1 Bb2 46. Kg3 Nxa3
47. Nxa3 Bxa3 48. Bc3 Kf8 49. Kg4 Bc1 50. Bd4 Ke7 51. Kf3 f6 52. Ke4 Bd2 53.
Bc5+ Kd7 54. h3 Kc6 55. Kd3 Be1 56. Ke2 Bg3 57. Be7 f5 58. Kf3 Bd6 59. Bf6 e5
60. h4 Kd5 0-1

[Event "Madrid ch - Previa A"]
[Site "Madrid ESP"]
[Date "2007.11.24"]
[Round "9.10"]
[White "Hernández del Can, José"]
[Black "Baeza Escudero, Javier"]
[Result "0-1"]
[WhiteElo "1914"]
[BlackElo "1900"]
[PlyCount "46"]
[EventDate "2007.11.01"]
[EventType "swiss"]
[EventRounds "9"]
[EventCountry "ESP"]
[Source "lmi"]
[SourceDate "2007.11.01"]

1. Nf3 Nf6 2. c4 e6 3. Nc3 d5 4. cxd5 exd5 5. d4 c6 6. e3 Bd6 7. h3 Ne4 8. Bd3
f5 9. Bd2 O-O 10. Qe2 Nd7 11. O-O-O a5 12. Be1 a4 13. Bxe4 fxe4 14. Nd2 b5 15.
f3 b4 16. Ncb1 Ba6 17. Qf2 c5 18. Nf1 Rc8 19. Rd2 cxd4+ 20. Rc2 d3 21. Rxc8
Qxc8+ 22. Kd1 d4 23. exd4 Bf4 0-1

[Event "Madrid ch - Previa A"]
[Site "Madrid ESP"]
[Date "2007.11.24"]
[Round "9.11"]
[White "Vázquez Moreno, Luis"]
[Black "Pintado Luna, Julián"]
[Result "0-1"]
[WhiteElo "1749"]
[BlackElo "1979"]
[PlyCount "56"]
[EventDate "2007.11.01"]
[EventType "swiss"]
[EventRounds "9"]
[EventCountry "ESP"]
[Source "lmi"]
[SourceDate "2007.11.01"]

1. e4 e5 2. Nf3 Nc6 3. Bb5 a6 4. Ba4 Nf6 5. O-O d6 6. Re1 Bg4 7. c3 Be7 8. d4
b5 9. d5 Na5 10. Bc2 O-O 11. b4 Nc4 12. Nbd2 Nb6 13. a4 Qd7 14. a5 Nc8 15. c4
c6 16. dxc6 Qxc6 17. cxb5 Qxb5 18. Rb1 d5 19. Ba4 Qb7 20. Qc2 Bd6 21. Bc6 Qc7
22. exd5 Nxd5 23. Ng5 g6 24. Rb2 Nxb4 25. Rxb4 Bxb4 26. Qa4 Rb8 27. Bb2 Bxd2
28. Bxe5 Qxe5 0-1

[Event "Madrid ch - Previa A"]
[Site "Madrid ESP"]
[Date "2007.11.24"]
[Round "9.13"]
[White "González Recas, Fernando"]
[Black "Sánchez Ródenas, José Antonio"]
[Result "1-0"]
[WhiteElo "1888"]
[BlackElo "1795"]
[PlyCount "59"]
[EventDate "2007.11.01"]
[EventType "swiss"]
[EventRounds "9"]
[EventCountry "ESP"]
[Source "lmi"]
[SourceDate "2007.11.01"]

1. e4 c6 2. d4 d5 3. Nd2 dxe4 4. Nxe4 Bf5 5. Ng3 Bg6 6. Nf3 Nd7 7. Bd3 Ngf6 8.
O-O Bxd3 9. Qxd3 e6 10. Re1 g6 11. c4 Be7 12. Bh6 Bf8 13. Bf4 Be7 14. Rad1 O-O
15. a3 a5 16. h3 Qb6 17. Qe2 Rfe8 18. Ng5 Bf8 19. h4 h5 20. Qc2 a4 21. Nxe6
Rxe6 22. Rxe6 fxe6 23. Qxg6+ Kh8 24. Nxh5 Qd8 25. Bg5 Qe8 26. Bxf6+ Nxf6 27.
Qxf6+ Kh7 28. Nf4 Bd6 29. Nxe6 Qh5 30. Qg7# 1-0

[Event "Madrid ch - Previa A"]
[Site "Madrid ESP"]
[Date "2007.11.24"]
[Round "9.14"]
[White "Arias de Reyna Martinez, Francisco"]
[Black "Martín Calero, Jorge"]
[Result "0-1"]
[WhiteElo "1665"]
[BlackElo "1708"]
[PlyCount "52"]
[EventDate "2007.11.01"]
[EventType "swiss"]
[EventRounds "9"]
[EventCountry "ESP"]
[Source "lmi"]
[SourceDate "2007.11.01"]

1. e4 e5 2. Nf3 Nf6 3. d4 Nxe4 4. Bd3 d5 5. Nxe5 Nd7 6. O-O Bd6 7. Re1 Nxe5 8.
dxe5 Bxe5 9. Bxe4 dxe4 10. Qxd8+ Kxd8 11. Rxe4 Bf6 12. Nc3 Bf5 13. Re2 Re8 14.
Be3 b6 15. Rd1+ Kc8 16. Kf1 Kb7 17. Bd4 Bxd4 18. Rxd4 Rxe2 19. Nxe2 Bxc2 20.
Rd7 Re8 21. Nf4 g5 22. Nh3 f6 23. f4 h6 24. Nf2 Ba4 25. Rd2 Bb5+ 26. Nd3 Re3
0-1

[Event "Madrid ch - Previa A"]
[Site "Madrid ESP"]
[Date "2007.11.24"]
[Round "9.15"]
[White "Ortiz Berruguete, Adrián"]
[Black "González Márquez, Jorge"]
[Result "1/2-1/2"]
[WhiteElo "1737"]
[BlackElo "1928"]
[PlyCount "140"]
[EventDate "2007.11.01"]
[EventType "swiss"]
[EventRounds "9"]
[EventCountry "ESP"]
[Source "lmi"]
[SourceDate "2007.11.01"]

1. e4 c5 2. Nf3 d6 3. d4 cxd4 4. Nxd4 Nf6 5. Nc3 a6 6. Bg5 e5 7. Nf3 Be7 8. Bc4
Be6 9. Qd3 Bxc4 10. Qxc4 Nbd7 11. O-O Rc8 12. Qd3 Nc5 13. Qe3 Ncd7 14. h3 Nb6
15. Qd3 O-O 16. Bxf6 Bxf6 17. Ne2 Rc5 18. b3 d5 19. Rfd1 Qc7 20. Rac1 Rd8 21.
Re1 Qc6 22. Ng3 g6 23. Qe2 d4 24. Red1 Rc3 25. Rd3 Rc8 26. Rxc3 Qxc3 27. a4 d3
28. Qe3 Qb2 29. Ne1 dxc2 30. Rxc2 Rxc2 31. Nxc2 Qxc2 32. Qxb6 Qc6 33. Qxc6 bxc6
34. Ne2 Kf8 35. Kf1 Ke7 36. Ke1 Kd6 37. Kd2 Kc5 38. Kc3 a5 39. Nc1 Bd8 40. Nd3+
Kd6 41. Kc4 Bb6 42. b4 axb4 43. Kxb4 f5 44. f3 f4 45. a5 Bd4 46. a6 c5+ 47. Kb5
c4 48. Kxc4 Kc6 49. a7 Bxa7 50. Nxe5+ Kd6 51. Nd3 g5 52. Nb4 Be3 53. Nd5 Bf2
54. Kd3 Ke5 55. Ke2 Bc5 56. Nc3 Be3 57. Nb1 Bd4 58. Nd2 Bc5 59. Nf1 Kd4 60. g3
fxg3 61. Nxg3 Ke5 62. Kf1 Kf4 63. Kg2 Bb6 64. Ne2+ Ke3 65. Nc3 Kd4 66. Nd5 Bd8
67. Kg3 h5 68. Nb4 Ke3 69. Nd5+ Kd4 70. Kf2 g4 1/2-1/2